[Event "Madrid-chT 1819"]
[Site "Madrid"]
[Date "2019.01.19"]
[Round "6.5"]
[White "Paredes Sanchez, Juan Antonio"]
[Black "Beltran de Heredia Eguiaz, Miguel Angel"]
[Result "1/2-1/2"]
[WhiteElo "2150"]
[BlackElo "2230"]
[PlyCount "54"]
[EventDate "2018.11.17"]
[EventType "team-tourn"]
[EventRounds "14"]
[EventCountry "ESP"]
[SourceTitle "CBM 189 Extra"]
[Source "ChessBase"]
[SourceDate "2019.06.03"]
[SourceVersion "1"]
[SourceVersionDate "2019.06.03"]
[SourceQuality "1"]
[WhiteTeam "Liberty Chess"]
[BlackTeam "Blanco y Negro"]
[WhiteTeamCountry "ESP"]
[BlackTeamCountry "ESP"]

1. e4 c5 2. Nf3 e6 3. d3 Nc6 4. g3 g6 5. Bg2 Bg7 6. 0-0 Nge7 7. c3 d5 8. Nbd2 0-0 9. exd5 exd5 10. Nb3 b6 11. d4 c4 12. Nbd2 Bf5 13. Re1 Qd7 14. Nf1 Rfe8 15. Ne3 Bd3 16. Ng5 h6 17. Nh3 g5 18. f4 f6 19. Nf2 Bg6 20. Qf3 Rad8 21. Bd2 Qd6 22. h4 Rf8 23. Kh1 h5 24. f5 g4 25. Nfxg4 hxg4 26. Qxg4 Bh7 27. Qf3 Kh8 1/2-1/2

[Event "Madrid-chT 1819"]
[Site "Madrid"]
[Date "2018.12.16"]
[Round "4.6"]
[White "Rodriguez Lopez, Ruben"]
[Black "Paredes Sanchez, Juan Antonio"]
[Result "0-1"]
[WhiteElo "1855"]
[BlackElo "2147"]
[PlyCount "94"]
[EventDate "2018.11.17"]
[EventType "team-tourn"]
[EventRounds "14"]
[EventCountry "ESP"]
[SourceTitle "CBM 189 Extra"]
[Source "ChessBase"]
[SourceDate "2019.06.03"]
[SourceVersion "1"]
[SourceVersionDate "2019.06.03"]
[SourceQuality "1"]
[WhiteTeam "San Fernando de Henares"]
[BlackTeam "Liberty Chess"]
[WhiteTeamCountry "ESP"]
[BlackTeamCountry "ESP"]

1. e4 c5 2. Nf3 d6 3. Be2 Nf6 4. c3 Bg4 5. h3 Bh5 6. a3 e6 7. 0-0 Nc6 8. d3 d5 9. Nbd2 Be7 10. b4 0-0 11. e5 Nd7 12. bxc5 Bxc5 13. d4 Bb6 14. Nb3 f6 15. exf6 Nxf6 16. Ng5 Bf7 17. Bg4 Nxg4 18. Qxg4 Qf6 19. f4 Nxd4 20. cxd4 Bxd4+ 21. Nxd4 Qxd4+ 22. Be3 Qxe3+ 23. Kh2 Rae8 24. Nf3 Bg6 25. Ne5 Bf5 26. Qh4 Be4 27. Qg5 Rf5 28. Qg4 Rc8 29. Ra2 Rc1 30. Rff2 Qc5 31. Qh4 Qf8 32. Rab2 b6 33. a4 Ra1 34. Nd7 Qe8 35. Ne5 Rxa4 36. g4 Rf6 37. g5 Rf5 38. Qg4 Ra1 39. Qe2 Qb8 40. Kg3 Rg1+ 41. Kh2 Rgxg5 42. h4 Rxe5 43. hxg5 Rxg5 44. Kh3 Rf5 45. Qg4 Rf6 46. Qd1 Qd8 47. Rbd2 Rh6+ 0-1

[Event "Madrid-chT 1617"]
[Site "Madrid"]
[Date "2017.02.19"]
[Round "10.15"]
[White "Paredes Sanchez, Juan Antonio"]
[Black "Barranco Sanz, Luis Miguel"]
[Result "0-1"]
[WhiteElo "2177"]
[BlackElo "2011"]
[PlyCount "106"]
[EventDate "2016.11.20"]
[EventType "team-tourn"]
[EventRounds "14"]
[EventCountry "ESP"]
[SourceTitle "EXT 2018"]
[Source "ChessBase"]
[SourceDate "2017.10.13"]
[SourceVersion "1"]
[SourceVersionDate "2017.10.13"]
[SourceQuality "1"]
[WhiteTeam "Liberty Chess"]
[BlackTeam "Moratalaz"]
[WhiteTeamCountry "ESP"]
[BlackTeamCountry "ESP"]

1. e4 c5 2. Nf3 d6 3. d4 cxd4 4. Nxd4 Nf6 5. Nc3 Nc6 6. Bg5 e6 7. Qd2 a6 8. 0-0-0 Be7 9. f3 Qc7 10. Be3 0-0 11. g4 b5 12. g5 Nd7 13. Nxc6 Qxc6 14. h4 Ne5 15. Qf2 b4 16. Ne2 a5 17. Nd4 Qc7 18. Kb1 Ba6 19. Bh3 a4 20. h5 Bc4 21. g6 hxg6 22. hxg6 Nxg6 23. b3 axb3 24. cxb3 e5 25. bxc4 exd4 26. Bxd4 Qxc4 27. Bf1 Qe6 28. Rc1 Rfc8 29. Rxc8+ Qxc8 30. Qh2 Bf6 31. Bxf6 gxf6 32. Qxd6 b3 33. Rh2 bxa2+ 34. Rxa2 Rxa2 35. Kxa2 Qc2+ 36. Ka3 Qc1+ 37. Ka4 Qxf1 38. Qxf6 Qc4+ 39. Ka3 Qc1+ 40. Kb3 Qf4 41. Qxf4 Nxf4 42. Kb4 Kg7 43. Kc5 Kf6 44. Kd6 Nd3 45. Kd5 Kg5 46. Kd6 Kf6 47. Kd5 Ne1 48. f4 Nd3 49. e5+ Kf5 50. Kd6 Nxf4 51. Ke7 Kg6 52. Kd7 Ne6 53. Ke7 Ng5 0-1

[Event "Madrid-chT 1415"]
[Site "Madrid"]
[Date "2015.03.01"]
[Round "12.15"]
[White "Paredes Sanchez, Juan Antonio"]
[Black "Madina Yadarola, Martin"]
[Result "0-1"]
[WhiteElo "2195"]
[BlackElo "2281"]
[PlyCount "74"]
[EventDate "2014.11.23"]
[EventType "team-tourn"]
[EventRounds "14"]
[EventCountry "ESP"]
[SourceTitle "EXT 2016"]
[Source "ChessBase"]
[SourceDate "2015.10.08"]
[SourceVersion "1"]
[SourceVersionDate "2015.10.08"]
[SourceQuality "1"]
[WhiteTeam "Liberty Chess"]
[BlackTeam "Casa del Ajedrez"]
[WhiteTeamCountry "ESP"]
[BlackTeamCountry "ESP"]

1. e4 d6 2. d4 Nf6 3. Nc3 c6 4. g3 e5 5. Nge2 Be7 6. a4 h5 7. h3 Nbd7 8. Bg2 h4 9. g4 Nh7 10. 0-0 g5 11. Qd3 Ndf8 12. Nd1 Ng6 13. Ne3 Nf4 14. Nxf4 gxf4 15. Nc4 Qc7 16. b3 Be6 17. d5 cxd5 18. exd5 Bd7 19. Re1 Kf8 20. Rxe5 dxe5 21. d6 Bxd6 22. Nxd6 Kg7 23. Bb2 f6 24. Bxb7 Rad8 25. Rd1 Ng5 26. Kh2 Be6 27. Bg2 Rd7 28. Ba3 Rhd8 29. c4 Nf7 30. c5 Nxd6 31. cxd6 Qb6 32. Rb1 Qxf2 33. Rb2 Rxd6 34. Bxd6 Qxb2 35. g5 fxg5 36. Qa6 f3 37. Qb7+ Rd7 0-1

[Event "Madrid-chT 1415"]
[Site "Madrid"]
[Date "2015.02.01"]
[Round "8.1"]
[White "Paredes Sanchez, Juan Antonio"]
[Black "Plazuelo Pascual, Juan"]
[Result "0-1"]
[WhiteElo "2195"]
[BlackElo "2122"]
[PlyCount "60"]
[EventDate "2014.11.23"]
[EventType "team-tourn"]
[EventRounds "14"]
[EventCountry "ESP"]
[SourceTitle "EXT 2016"]
[Source "ChessBase"]
[SourceDate "2015.10.08"]
[SourceVersion "1"]
[SourceVersionDate "2015.10.08"]
[SourceQuality "1"]
[WhiteTeam "Liberty Chess"]
[BlackTeam "Virgen de Atocha"]
[WhiteTeamCountry "ESP"]
[BlackTeamCountry "ESP"]

1. e4 e6 2. d4 d5 3. Nc3 Nf6 4. Bg5 Bb4 5. e5 h6 6. Be3 Ne4 7. Qg4 g6 8. a3 Bxc3+ 9. bxc3 c5 10. Bd3 Nxc3 11. dxc5 Qa5 12. Bd2 Qxc5 13. Nf3 Nc6 14. 0-0 d4 15. Rfe1 Nd5 16. Rab1 a6 17. Qh4 Qe7 18. Bg5 Qxa3 19. Bxh6 Qe7 20. Qxe7+ Ndxe7 21. Bg5 Nd5 22. Nd2 Nc3 23. Rb3 b5 24. Bf6 Rg8 25. Ne4 Nxe4 26. Bxe4 Bb7 27. Rd1 Kd7 28. c4 Na5 29. Rxd4+ Kc7 30. Bxb7 Nxb3 0-1

[Event "Madrid-chT 1314"]
[Site "Madrid"]
[Date "2014.02.09"]
[Round "9.26"]
[White "Blasco de la Cruz, Luis"]
[Black "Paredes Sanchez, Juan Antonio"]
[Result "1/2-1/2"]
[WhiteElo "2002"]
[BlackElo "2192"]
[PlyCount "45"]
[EventDate "2013.11.16"]
[EventType "team-tourn"]
[EventRounds "14"]
[EventCountry "ESP"]
[SourceTitle "EXT 2015"]
[Source "ChessBase"]
[SourceDate "2014.11.20"]
[SourceVersion "1"]
[SourceVersionDate "2014.11.20"]
[SourceQuality "1"]
[WhiteTeam "Villalba 64"]
[BlackTeam "Liberty Chess"]
[WhiteTeamCountry "ESP"]
[BlackTeamCountry "ESP"]

1. d4 Nf6 2. Bf4 g6 3. Nf3 Bg7 4. e3 d6 5. Bd3 Nh5 6. Bg3 Nxg3 7. hxg3 c5 8. c3 Nc6 9. Nbd2 e5 10. d5 Nb8 11. Qc2 Na6 12. Bb5+ Ke7 13. Bxa6 bxa6 14. Nc4 Bd7 15. Nfd2 f5 16. f3 Bf8 17. f4 Kf7 18. fxe5 dxe5 19. Nxe5+ Kg7 20. 0-0-0 Bd6 21. Ndc4 Bxe5 22. Nxe5 Re8 23. Nxd7 1/2-1/2

[Event "Madrid-chT 1314"]
[Site "Madrid"]
[Date "2014.02.02"]
[Round "8.26"]
[White "Paredes Sanchez, Juan Antonio"]
[Black "Collado Barbas, Laura"]
[Result "1-0"]
[WhiteElo "2192"]
[BlackElo "2133"]
[PlyCount "72"]
[EventDate "2013.11.16"]
[EventType "team-tourn"]
[EventRounds "14"]
[EventCountry "ESP"]
[SourceTitle "EXT 2015"]
[Source "ChessBase"]
[SourceDate "2014.11.20"]
[SourceVersion "1"]
[SourceVersionDate "2014.11.20"]
[SourceQuality "1"]
[WhiteTeam "Liberty Chess"]
[BlackTeam "La Casa del Ajedrez"]
[WhiteTeamCountry "ESP"]
[BlackTeamCountry "ESP"]

1. b3 d5 2. Bb2 c6 3. e3 Bf5 4. Nc3 Nf6 5. Qe2 Nbd7 6. 0-0-0 e6 7. f3 h5 8. e4 dxe4 9. fxe4 Bg4 10. Nf3 Qa5 11. h3 Bxf3 12. Qxf3 Bb4 13. Kb1 h4 14. d4 0-0-0 15. e5 Nh5 16. Ne4 f6 17. Bc4 Rde8 18. a3 Bf8 19. Rhe1 Qc7 20. exf6 gxf6 21. Nc3 Ng7 22. Re2 Bd6 23. Qg4 Nf8 24. Ne4 Nh5 25. Nxd6+ Qxd6 26. Qxh4 Ng6 27. Qe4 Ngf4 28. Ree1 Ng3 29. Qf3 Nf5 30. Re4 Nd5 31. Rde1 Ng3 32. Rg4 Nf5 33. Bd3 Nde7 34. Rge4 Nd5 35. Rxe6 Rxe6 36. Rxe6 Nxd4 1-0

[Event "Madrid-chT"]
[Site "Madrid"]
[Date "2012.01.29"]
[Round "8.36"]
[White "Paredes Sanchez, Juan Antonio"]
[Black "Garcia Ruido, Ricardo"]
[Result "1-0"]
[WhiteElo "2206"]
[BlackElo "2060"]
[PlyCount "133"]
[EventDate "2011.11.13"]
[EventType "team-tourn"]
[EventRounds "14"]
[EventCountry "ESP"]
[SourceTitle "EXT 2013"]
[Source "ChessBase"]
[SourceDate "2012.11.22"]
[SourceVersion "1"]
[SourceVersionDate "2012.11.22"]
[SourceQuality "1"]
[WhiteTeam "Amigos del Retiro"]
[BlackTeam "Moratalaz"]
[WhiteTeamCountry "ESP"]
[BlackTeamCountry "ESP"]

1. e4 c5 2. Nf3 d6 3. d4 cxd4 4. Nxd4 Nf6 5. Nc3 a6 6. Bg5 e6 7. f4 Qc7 8. Qf3 Nc6 9. Bxf6 gxf6 10. 0-0-0 Bd7 11. f5 Ne5 12. fxe6 Nxf3 13. exd7+ Qxd7 14. gxf3 0-0-0 15. Nd5 Kb8 16. Kb1 h5 17. h4 Qe8 18. Rg1 Qe5 19. Bxa6 f5 20. Rg5 Qh2 21. Rxf5 Rh7 22. Bc4 Qxh4 23. a4 Rc8 24. Bb3 Rc5 25. Rf4 Qg3 26. Nf5 Qh2 27. Rh4 Qe2 28. Rd3 Bg7 29. Ka2 Qf2 30. Rh1 Qg2 31. Rh4 Be5 32. f4 Bg7 33. Nxd6 Bf8 34. e5 Rh6 35. Nxf7 Ra6 36. Nc3 Qf2 37. Rdh3 Rc7 38. Ng5 Be7 39. Nce4 Qe1 40. Rxh5 Qb4 41. Nc3 b5 42. Rh8+ Ka7 43. Nd5 Rxa4+ 44. Bxa4 Qxa4+ 45. Ra3 Bxa3 46. Ra8+ Kxa8 47. Nb6+ Kb7 48. Nxa4 Bb4 49. Kb3 Bd2 50. Nc3 Bxf4 51. Ne6 Rxc3+ 52. Kxc3 Bxe5+ 53. Kb3 Kb6 54. Ng5 Bf6 55. Ne4 Bg7 56. c3 Bf8 57. Kc2 Bg7 58. Nd6 Bf8 59. Nf5 Bc5 60. Kd3 Bf2 61. Ke4 Ka5 62. Kd5 Ka4 63. Nd4 b4 64. c4 b3 65. c5 Be3 66. c6 Bf4 67. Ne6 1-0

[Event "Madrid-chT"]
[Site "Madrid"]
[Date "2012.01.22"]
[Round "7.26"]
[White "Paredes Sanchez, Juan Antonio"]
[Black "Barroso Barroso, Jorge"]
[Result "1-0"]
[WhiteElo "2206"]
[BlackElo "1740"]
[PlyCount "61"]
[EventDate "2011.11.13"]
[EventType "team-tourn"]
[EventRounds "14"]
[EventCountry "ESP"]
[SourceTitle "EXT 2013"]
[Source "ChessBase"]
[SourceDate "2012.11.22"]
[SourceVersion "1"]
[SourceVersionDate "2012.11.22"]
[SourceQuality "1"]
[WhiteTeam "Amigos del Retiro"]
[BlackTeam "Blanco y Negro"]
[WhiteTeamCountry "ESP"]
[BlackTeamCountry "ESP"]

1. e4 e6 2. d4 d5 3. Nc3 dxe4 4. Nxe4 Nf6 5. Nxf6+ Qxf6 6. Nf3 h6 7. Bd3 Bd7 8. 0-0 Nc6 9. c3 0-0-0 10. b4 g5 11. b5 Ne7 12. Qa4 Kb8 13. Ne5 Nc8 14. f4 Nb6 15. Qb3 g4 16. a4 Bd6 17. a5 Nc8 18. Nc6+ Ka8 19. Be4 Ne7 20. Nxe7 Qxe7 21. a6 f5 22. axb7+ Kb8 23. Bc6 Bc5 24. dxc5 Qxc5+ 25. Kh1 Bxc6 26. bxc6 Rd3 27. Qa4 Rhd8 28. Ba3 Qe3 29. Rfe1 Qf2 30. Re2 Qxe2 31. Qxa7+ 1-0

[Event "Madrid-chT 1011"]
[Site "Madrid"]
[Date "2011.03.13"]
[Round "13.26"]
[White "Sanchez Alarcos Galian, Victor"]
[Black "Paredes Sanchez, Juan Antonio"]
[Result "0-1"]
[WhiteElo "2192"]
[BlackElo "2172"]
[PlyCount "52"]
[EventDate "2010.11.21"]
[EventType "team-tourn"]
[EventRounds "14"]
[EventCountry "ESP"]
[SourceTitle "EXT 2012"]
[Source "ChessBase"]
[SourceDate "2011.11.24"]
[SourceVersion "1"]
[SourceVersionDate "2011.11.24"]
[SourceQuality "1"]
[WhiteTeam "Moratalaz"]
[BlackTeam "Amigos del Retiro"]
[WhiteTeamCountry "ESP"]
[BlackTeamCountry "ESP"]

1. Nf3 Nf6 2. c4 g6 3. g3 Bg7 4. d4 d6 5. Bg2 0-0 6. 0-0 c6 7. Nc3 Qb6 8. b3 Qa5 9. Bb2 Qh5 10. Qd2 Bh6 11. Qd3 d5 12. e4 dxc4 13. bxc4 Bh3 14. e5 Ng4 15. Ne4 Nd7 16. Qb3 f5 17. exf6 Ndxf6 18. c5+ Nd5 19. Rfe1 Bxg2 20. Kxg2 Rxf3 21. Qxf3 Rf8 22. Qxf8+ Bxf8 23. h3 Ngf6 24. Nd2 Qf5 25. Rac1 Bh6 26. f4 Bxf4 0-1

[Event "Moratalaz op 23rd"]
[Site "Madrid"]
[Date "2010.09.24"]
[Round "9"]
[White "Paredes Sanchez, Juan Antonio"]
[Black "Rubio Mejia, Luis Ignacio"]
[Result "0-1"]
[WhiteElo "2208"]
[BlackElo "2354"]
[PlyCount "96"]
[EventDate "2010.09.16"]
[EventType "swiss"]
[EventRounds "9"]
[EventCountry "ESP"]
[SourceTitle "CBM 138 Extra"]
[Source "ChessBase"]
[SourceDate "2010.10.29"]
[SourceVersion "1"]
[SourceVersionDate "2010.10.29"]
[SourceQuality "1"]

1. e4 c5 2. Nf3 d6 3. d4 cxd4 4. Nxd4 Nf6 5. Nc3 a6 6. Bg5 e6 7. f4 Nbd7 8. Qf3 Qc7 9. 0-0-0 b5 10. Bd3 Bb7 11. Rhe1 Qb6 12. Nd5 Qxd4 13. Bxf6 gxf6 14. Bxb5 Qc5 15. Nxf6+ Kd8 16. Nxd7 Qxb5 17. Nxf8 Rxf8 18. Qa3 Ke8 19. Qxd6 Rc8 20. b3 Qc6 21. Qxc6+ Bxc6 22. g3 Rd8 23. e5 h5 24. h4 Rg8 25. Rxd8+ Kxd8 26. Re3 Kc7 27. c4 Rd8 28. Kc2 Bg2 29. Kc3 Rd1 30. Rd3 Ra1 31. Rd2 Bc6 32. Kd4 Kb6 33. Kc3 a5 34. a3 a4 35. Kb2 Rg1 36. b4 Rxg3 37. Rd6 Kc7 38. b5 Rb3+ 39. Ka2 Be4 40. Ra6 Bb1+ 41. Ka1 Bd3 42. Rxa4 Kb6 43. Ra6+ Kc5 44. a4 Kxc4 45. Ra7 Kb4 46. Rc7 Kxa4 47. Rxf7 Rxb5 48. Rf6 Ka3 0-1

[Event "ESP-chT2 Gr2"]
[Site "Granada"]
[Date "2010.08.07"]
[Round "5"]
[White "Paredes Sanchez, Juan Antonio"]
[Black "Galvez Extremera, Francisco"]
[Result "1-0"]
[WhiteElo "2208"]
[BlackElo "2138"]
[PlyCount "133"]
[EventDate "2010.08.04"]
[EventType "team-tourn"]
[EventRounds "6"]
[EventCountry "ESP"]
[SourceTitle "CBM 137 Extra"]
[Source "ChessBase"]
[SourceDate "2010.09.01"]
[SourceVersion "1"]
[SourceVersionDate "2010.09.01"]
[SourceQuality "1"]

1. e4 c5 2. Nf3 d6 3. d4 cxd4 4. Nxd4 Nf6 5. Nc3 g6 6. Be3 Bg7 7. f3 0-0 8. Qd2 Nc6 9. Bc4 Bd7 10. 0-0-0 Ne5 11. Bb3 Qa5 12. Kb1 Rfc8 13. g4 Rxc3 14. Qxc3 Qxc3 15. bxc3 Rc8 16. Kb2 a5 17. a3 b5 18. Rhf1 e6 19. Ne2 a4 20. Ba2 d5 21. g5 Ne8 22. f4 Nc4+ 23. Bxc4 Rxc4 24. exd5 Re4 25. Rd3 Nd6 26. dxe6 Rxe6 27. Bc5 Nc4+ 28. Kc1 Rxe2 29. Rxd7 h5 30. Rf2 Re1+ 31. Rd1 Rxd1+ 32. Kxd1 Bxc3 33. Rf3 b4 34. Bxb4 Bxb4 35. axb4 a3 36. Ke2 a2 37. Rf1 Na3 38. Ra1 Nxc2 39. Rxa2 Nxb4 40. Rd2 Nc6 41. f5 gxf5 42. Ke3 Kg7 43. Kf4 Ne7 44. Rd7 Ng6+ 45. Kxf5 Nh4+ 46. Kf4 Ng6+ 47. Ke4 Nf8 48. Rd6 Ng6 49. Ra6 Kh7 50. Rb6 Kg7 51. Rf6 Kg8 52. Rf3 Kg7 53. Rh3 Ne7 54. Kf4 Kg6 55. Rd3 Nf5 56. Rd5 Ng7 57. h4 Ne6+ 58. Ke5 Nf8 59. Rd6+ Kg7 60. Kf5 Ng6 61. Rxg6+ fxg6+ 62. Ke6 Kg8 63. Kf6 Kh7 64. Kf7 Kh8 65. Kxg6 Kg8 66. Kxh5 Kh7 67. g6+ 1-0

[Event "ESP-chT2 Gr2"]
[Site "Granada"]
[Date "2010.08.06"]
[Round "4"]
[White "Jimenez Martinez, Jose Vicente"]
[Black "Paredes Sanchez, Juan Antonio"]
[Result "1-0"]
[WhiteElo "2241"]
[BlackElo "2208"]
[PlyCount "131"]
[EventDate "2010.08.04"]
[EventType "team-tourn"]
[EventRounds "6"]
[EventCountry "ESP"]
[SourceTitle "CBM 137 Extra"]
[Source "ChessBase"]
[SourceDate "2010.09.01"]
[SourceVersion "1"]
[SourceVersionDate "2010.09.01"]
[SourceQuality "1"]

1. d4 Nf6 2. c4 g6 3. Nc3 Bg7 4. e4 d6 5. f3 0-0 6. Be3 c5 7. dxc5 dxc5 8. Qxd8 Rxd8 9. Bxc5 Nc6 10. Nd5 Nd7 11. Bxe7 Nxe7 12. Nxe7+ Kf8 13. Nd5 Bxb2 14. Rb1 Bg7 15. Nh3 Nb6 16. Nf2 Be6 17. Nd1 Rac8 18. N1e3 Rc5 19. Rb3 Ra5 20. a3 Nd7 21. Be2 b6 22. Nc2 Rc8 23. Kf2 f5 24. Ke3 Nc5 25. Rbb1 fxe4 26. fxe4 Bh6+ 27. Kd4 Nxe4 28. Rhf1+ Ke8 29. Kxe4 Bxd5+ 30. cxd5 Rxc2 31. Bb5+ Ke7 32. a4 a6 33. Bc6 Rac5 34. Rfd1 Re2+ 35. Kf3 Re3+ 36. Kf2 Rc2+ 37. Kg1 Kd6 38. Rxb6 Kc5 39. Rxa6 Ree2 40. d6 Be3+ 41. Kh1 Red2 42. Rb1 Rxd6 43. Be4 Rc1+ 44. Rxc1+ Bxc1 45. Rxd6 Kxd6 46. a5 Ke5 47. a6 Be3 48. Bc2 Kf4 49. Bd1 g5 50. g3+ Ke5 51. Kg2 Kf6 52. Kf3 Ba7 53. Kg4 Bb6 54. Kh5 Be3 55. Kh6 Kf7 56. Kxh7 Kf8 57. Kg6 Kg8 58. Kf6 Kf8 59. Bb3 Ke8 60. Kg6 Kf8 61. h4 Ke7 62. h5 Kd6 63. h6 Kc7 64. h7 Bd4 65. Kf7 Kb6 66. Bc4 1-0

[Event "ESP-chT2 Gr2"]
[Site "Granada"]
[Date "2010.08.05"]
[Round "2"]
[White "Sanchez Saez, Francisco"]
[Black "Paredes Sanchez, Juan Antonio"]
[Result "1-0"]
[WhiteElo "2195"]
[BlackElo "2208"]
[PlyCount "65"]
[EventDate "2010.08.04"]
[EventType "team-tourn"]
[EventRounds "6"]
[EventCountry "ESP"]
[SourceTitle "CBM 137 Extra"]
[Source "ChessBase"]
[SourceDate "2010.09.01"]
[SourceVersion "1"]
[SourceVersionDate "2010.09.01"]
[SourceQuality "1"]

1. e4 c5 2. Nf3 d6 3. d4 cxd4 4. Nxd4 Nf6 5. Nc3 a6 6. Be3 e6 7. g4 b5 8. g5 Nfd7 9. f4 Bb7 10. Bd3 Nc5 11. Qf3 Nbd7 12. 0-0 Be7 13. b4 Nxd3 14. cxd3 0-0 15. Qh5 g6 16. Qh6 Re8 17. f5 exf5 18. exf5 Bf8 19. Qh3 Ne5 20. Ne4 Bxe4 21. dxe4 Rc8 22. Ne2 Rc2 23. Ng3 Bg7 24. f6 Bf8 25. Bd4 Rd2 26. Bc3 Rd3 27. Bxe5 Rxe5 28. Rac1 Rxg5 29. Qc8 Qb6+ 30. Kh1 Re5 31. Nf5 Rh3 32. Ne7+ Rxe7 33. fxe7 1-0

[Event "Madrid-chT Honor"]
[Site "Madrid"]
[Date "2010.02.21"]
[Round "11"]
[White "Paredes Sanchez, Juan Antonio"]
[Black "Mansilla Tolosa, Luis Eduardo"]
[Result "1-0"]
[WhiteElo "2200"]
[BlackElo "2099"]
[PlyCount "75"]
[EventDate "2009.11.22"]
[EventType "team-tourn"]
[EventRounds "13"]
[EventCountry "ESP"]
[SourceTitle "EXT 2011"]
[Source "ChessBase"]
[SourceDate "2010.11.26"]
[SourceVersion "1"]
[SourceVersionDate "2010.11.26"]
[SourceQuality "1"]

1. e4 c5 2. Nf3 d6 3. d4 cxd4 4. Nxd4 Nf6 5. Nc3 a6 6. h3 b5 7. g4 Bb7 8. Bg2 h6 9. 0-0 e6 10. Re1 Nbd7 11. a4 b4 12. Nd5 Nxd5 13. exd5 e5 14. Nc6 Qc7 15. f4 Rc8 16. Qe2 Be7 17. fxe5 Nxe5 18. Nxe5 dxe5 19. Qxe5 Qxe5 20. Rxe5 Kd7 21. Rxe7+ Kxe7 22. d6+ Kxd6 23. Bxb7 Rxc2 24. Bf4+ Kc5 25. Be3+ Kc4 26. Bxa6+ Kb3 27. Bb7 Kxb2 28. Bd4+ Rc3 29. Rf1 Rd8 30. Bxg7 Ka3 31. Bxc3 bxc3 32. Be4 Kxa4 33. Rxf7 Kb3 34. Rc7 Rd2 35. Rc6 Re2 36. Bf5 Kb2 37. Rxh6 c2 38. Rb6+ 1-0

[Event "Madrid-chT Honor"]
[Site "Madrid"]
[Date "2010.01.17"]
[Round "6"]
[White "Paredes Sanchez, Juan Antonio"]
[Black "Vazquez Torres, Adrian"]
[Result "0-1"]
[WhiteElo "2200"]
[BlackElo "2144"]
[PlyCount "54"]
[EventDate "2009.11.22"]
[EventType "team-tourn"]
[EventRounds "13"]
[EventCountry "ESP"]
[SourceTitle "EXT 2011"]
[Source "ChessBase"]
[SourceDate "2010.11.26"]
[SourceVersion "1"]
[SourceVersionDate "2010.11.26"]
[SourceQuality "1"]

1. d4 Nf6 2. Nf3 d6 3. Nc3 g6 4. e4 Bg7 5. Be2 0-0 6. 0-0 Nbd7 7. h3 e5 8. Re1 c6 9. a4 Qc7 10. b3 Re8 11. Bc4 exd4 12. Nxd4 Nc5 13. Qf3 Be6 14. Nxe6 Nxe6 15. Bd2 Nd7 16. Qg3 Qb6 17. Kh1 Qc5 18. Rad1 Nb6 19. Bf1 Be5 20. Qf3 Nd7 21. Rc1 Bd4 22. Nd1 Qe5 23. c3 Bb6 24. Bc4 Nf6 25. h4 h5 26. Nb2 Ng4 27. Nd3 Qh2# 0-1

[Event "Madrid-chT Honor"]
[Site "Madrid"]
[Date "2009.11.29"]
[Round "2"]
[White "Nunez Gutierrez, Juan Carlos"]
[Black "Paredes Sanchez, Juan Antonio"]
[Result "1/2-1/2"]
[WhiteElo "2101"]
[BlackElo "2200"]
[PlyCount "83"]
[EventDate "2009.11.22"]
[EventType "team-tourn"]
[EventRounds "13"]
[EventCountry "ESP"]
[SourceTitle "EXT 2011"]
[Source "ChessBase"]
[SourceDate "2010.11.26"]
[SourceVersion "1"]
[SourceVersionDate "2010.11.26"]
[SourceQuality "1"]

1. e4 c5 2. Nf3 e6 3. d3 Nc6 4. Nbd2 g6 5. g3 Bg7 6. Bg2 Nge7 7. 0-0 0-0 8. Nh4 e5 9. a4 d5 10. Nb3 dxe4 11. Bxe4 Qd6 12. f4 Bh3 13. Re1 Rad8 14. Be3 b6 15. Qd2 Nd5 16. f5 Nxe3 17. Qxe3 Bf6 18. Qh6 Bxh4 19. fxg6 hxg6 20. Qxh4 Be6 21. Qf6 Bxb3 22. Qxd6 Rxd6 23. Bxc6 Bxc2 24. Bb5 f6 25. Ra3 Rfd8 26. Re3 a5 27. Kf2 Bd1 28. h3 g5 29. g4 Rd4 30. Ke1 Bxg4 31. hxg4 Rxg4 32. Bc4+ Kg7 33. Be6 Rf4 34. Ke2 Rd6 35. Bc4 Rh4 36. b3 g4 37. Kf2 Rd8 38. Ra1 Rh2+ 39. Kg3 Rh3+ 40. Kf2 Rh2+ 41. Kg3 Rh3+ 42. Kf2 1/2-1/2

[Event "ESP-chT2 Gr2"]
[Site "Burguillos"]
[Date "2009.08.06"]
[Round "2"]
[White "Vinas Guerrero, Carlos Alberto"]
[Black "Paredes Sanchez, Juan Antonio"]
[Result "1-0"]
[WhiteElo "2104"]
[BlackElo "2217"]
[PlyCount "167"]
[EventDate "2009.08.05"]
[EventType "team-swiss"]
[EventRounds "6"]
[EventCountry "ESP"]
[SourceTitle "CBM 131 Extra"]
[Source "ChessBase"]
[SourceDate "2009.09.03"]
[SourceVersion "2"]
[SourceVersionDate "2009.09.16"]
[SourceQuality "1"]

1. e4 c5 2. Nf3 d6 3. Bb5+ Bd7 4. Bxd7+ Qxd7 5. 0-0 Nc6 6. Re1 Nf6 7. c4 e6 8. d4 cxd4 9. Nxd4 Be7 10. Nc3 0-0 11. Be3 Rfc8 12. Rc1 Nxd4 13. Qxd4 Ng4 14. b3 Nxe3 15. Qxe3 Rc6 16. Rcd1 a6 17. a4 Rac8 18. Rd3 Kf8 19. Qh3 Kg8 20. Qe3 Bf8 21. Red1 Qc7 22. g3 Qa5 23. Ne2 Qe5 24. Nd4 Rc5 25. Nf3 Qh5 26. Nd4 g6 27. Kg2 Bh6 28. Qe2 Qxe2 29. Nxe2 Bf8 30. Nc3 g5 31. f4 Be7 32. Kf3 Kg7 33. h3 R8c7 34. R1d2 Kg6 35. Rd1 R5c6 36. R1d2 Rb6 37. f5+ Kg7 38. Ne2 Kf6 39. Nd4 h5 40. g4 hxg4+ 41. hxg4 Rc8 42. Rh2 e5 43. Ne2 Kg7 44. Kf2 Bf8 45. Rdh3 Rbc6 46. Nc3 Rc5 47. Nd5 Rxd5 48. exd5 b5 49. axb5 axb5 50. Rc3 Kf6 51. Ke3 Be7 52. Kd3 Rc5 53. Ra2 Bd8 54. Ra6 Ke7 55. Ra7+ Ke8 56. Ra6 Ke7 57. Ke4 Kd7 58. Ra7+ Ke8 59. Rh3 Bc7 60. Rh8+ Kd7 61. Kd3 bxc4+ 62. bxc4 Ke7 63. Rc8 Kd7 64. Rh8 Ke7 65. Rh1 Kf6 66. Rb1 e4+ 67. Kd4 e3 68. Ra2 Ba5 69. Rb5 Bd2 70. Kd3 Rc7 71. Ra1 Ke5 72. Rb6 Rd7 73. Rba6 Kf4 74. Ra7 Rxa7 75. Rxa7 f6 76. Rf7 Kxg4 77. Rxf6 Kf4 78. Rxd6 Kxf5 79. Rd8 Ke5 80. Re8+ Kf4 81. d6 g4 82. d7 Ba5 83. d8Q Bxd8 84. Rxd8 1-0